00773nam a2200205 i 4500001000300000100001900003245006200022260002500084300003500109490008500144504002400229700002500253710004300278830007300321040000800394041000800402080001900410008004100429856009700470bg1 aGRANDEK, Karol 0aPascal w zadaniach /cKarol Grandek, Henryk Stężała. aOpole :bWSI,c1993. a180, [1] s. :bwykr. ;c25 cm.1 aSkrypt Uczelniany / Wyższa Szkoła Inżynierska w Opolu,x0860-9004 ;vnr 157 aBibliogr. s. [181].1 aSTĘŻAŁA, Henryk aWYŻSZA SZKOŁA INŻYNIERSKA (Opole) 0aSkrypt Uczelniany (Wyższa Szkoła Inżynierska w Opolu) ;vnr 157 cBPK apol a519.682(075.8) s pl f |000 0 pol  uhttp://koha.tu.koszalin.pl/cgi-bin/koha/opac-detail.pl?biblionumber=6399yKatalog online BPK